000 00378nam a22001457a 4500
003 macl
005 20170817132710.0
008 170817b xxu||||| |||| 00| 0 eng d
040 _cmacl
100 _aLama, Dalai
_915185
245 _aHis Holiness the Dalai Lama
260 _aNew Delhi
_bManjul Publishing house
_c2016
650 _aBuddhisn Religion
_968693
942 _2ddc
_cBK
999 _c56868
_d56868